|
|
|
|
| LEADER |
00000nam0a2200000 4500 |
| 001 |
44599 |
| 005 |
20231101210906.0 |
| 035 |
|
|
|a (RuTPU)RU\TPU\book\46317
|
| 090 |
|
|
|a 44599
|
| 100 |
|
|
|a 20021122d1987 km y0rusy50 ca
|
| 101 |
0 |
|
|a rus
|
| 102 |
|
|
|a UA
|
| 105 |
|
|
|a y g 001zy
|
| 200 |
1 |
|
|a Краткий справочник по химии
|f И. Т. Гороновский, Ю. П. Назаренко, Е. Ф. Некряч
|g Под ред. А. Т. Пилипенко
|
| 205 |
|
|
|a 5-е изд., испр. и доп.
|
| 210 |
|
|
|a Киев
|c Наукова думка
|d 1987
|
| 215 |
|
|
|a 828 с.
|
| 320 |
|
|
|a Библиогр.: с. 828-829.
|
| 606 |
1 |
|
|a Химия
|2 stltpush
|3 (RuTPU)RU\TPU\subj\17362
|9 43035
|
| 610 |
1 |
|
|a химические элементы
|
| 610 |
1 |
|
|a простые вещества
|
| 610 |
1 |
|
|a неорганические соединения
|
| 610 |
1 |
|
|a химический анализ
|
| 610 |
1 |
|
|a органические соединения
|
| 610 |
1 |
|
|a газы
|
| 610 |
1 |
|
|a воздух
|
| 610 |
1 |
|
|a твердые вещества
|
| 610 |
1 |
|
|a вода
|
| 610 |
1 |
|
|a растворы
|
| 610 |
1 |
|
|a лабораторная техника
|
| 610 |
1 |
|
|a техника безопасности
|
| 610 |
1 |
|
|a измерения
|
| 610 |
1 |
|
|a справочники
|
| 675 |
|
|
|a 54(035)
|v 3
|
| 700 |
|
1 |
|a Гороновский
|b И. Т.
|g Игорь Трифильевич
|
| 701 |
|
1 |
|a Назаренко
|b Ю. П.
|g Юрий Павлович
|
| 701 |
|
1 |
|a Некряч
|b Е. Ф.
|g Евгений Федорович
|
| 702 |
|
1 |
|a Пилипенко
|b А. Т.
|4 340
|
| 801 |
|
1 |
|a RU
|b 63413507
|c 20021122
|g PSBO
|
| 801 |
|
2 |
|a RU
|b 63413507
|c 20131230
|g PSBO
|
| 942 |
|
|
|c BK
|